LIBRARY & INFORMATION CENTRE, KCAET, TAVANUR

ONLINE PUBLIC ACCESS CATALOGUE (OPAC)

Specification for asbestos cement cable conducts and traughs IS:8870-1978 (Record no. 10637)

MARC details
000 -LEADER
fixed length control field 00890cam a2200145ua 4500
041 ## - LANGUAGE CODE
Language code of text/sound track or separate title eng
082 ## - DEWEY DECIMAL CLASSIFICATION NUMBER
Classification number 666.961
Item number IND/SP
245 00 - TITLE STATEMENT
Title Specification for asbestos cement cable conducts and traughs IS:8870-1978
260 ## - PUBLICATION, DISTRIBUTION, ETC. (IMPRINT)
Place of publication New Delhi :
Name of publisher Indian standards institution ,
Year of publication 1979.
300 ## - PHYSICAL DESCRIPTION
Number of Pages 18 ; .
942 ## - ADDED ENTRY ELEMENTS (KOHA)
Koha item type Books
Holdings
Withdrawn status Lost status Damaged status Home library Current library Date acquired Full call number Accession Number Koha item type
      KAUAET KAUAET 07/04/2012 666.961 17194 Standards
free website counter